000 00630nam a2200181Ia 4500
008 090124s9999 xx 000 0 und d
082 _b205846
100 _aगर्ग लक्ष्मीनारायण
245 _a दूरसंचार कथा
250 _a1
260 _bगर्ग लक्ष्मीनारायण
_c2002
300 _a226
600 _aगर्ग लक्ष्मीनारायण
630 _a दूरसंचार कथा
700 _aगर्ग लक्ष्मीनारायण
730 _a दूरसंचार कथा
942 _cBOOK
999 _c187430
_d187430